[Event "Acropolis 2007"]
[Site "Athens"]
[Date "2007.08.18"]
[Round "5.25"]
[White "Karagiannis, Athanasios"]
[Black "Papadopoulou, Vera"]
[Result "1-0"]
[WhiteElo "2349"]
[BlackElo "2192"]
[Annotator "Michailidis Anastasios"]
[PlyCount "139"]
[EventDate "2007.08.14"]
[Source "Greek Chess Fed"]

1. Nf3 Nf6 2. d4 e6 3. g3 c5 4. Bg2 d5 5. c4 cxd4 6. O-O Be7 7. cxd5 exd5 8.
Nxd4 Nc6 9. b3 O-O 10. Bb2 Bg4 11. h3 Be6 12. Nd2 Rc8 13. Nxe6 fxe6 14. e4 Qd7
15. e5 Ne8 16. Kh2 Bc5 17. Rc1 Qe7 18. Qg4 Nc7 19. Nf3 Rcd8 20. Bc3 Ba3 21.
Rcd1 Qf7 22. h4 Qf5 23. Qxf5 Rxf5 24. Nd4 Nxd4 25. Bxd4 Nb5 26. Ba1 Rf7 27. f4
g6 28. Rf2 Rc7 29. Bh3 Kf7 30. g4 Be7 31. f5 Bxh4 32. fxe6+ Kg8 33. Rfd2 Re7
34. Rxd5 Rxd5 35. Rxd5 Nc7 36. Rd8+ Kg7 37. Rd7 Bg5 38. Bg2 b6 39. Bc3 Nxe6 40.
Rd6 Bf4+ 41. Kh1 Kh6 42. Bc6 Nc7 43. Rd7 Rxd7 44. Bxd7 Nd5 45. Bb2 Kg5 46. Kg2
Nb4 47. Kf3 Nd3 48. e6 Bd6 49. Bd4 Be7 50. Be3+ Kf6 51. Ke4 Nc5+ 52. Kd5 h5 53.
Bd4+ Kg5 54. gxh5 gxh5 55. Be5 h4 56. Bb5 a6 57. Bf1 a5 58. Kc6 Nxe6 59. Kd7
Kf5 60. Bb2 Bc5 61. Bh3+ Kf4 62. Bxe6 Kg3 63. a4 h3 64. Be5+ Kg2 65. Bd5+ Kg1
66. Kc6 h2 67. Bc7 h1=Q 68. Bxh1 Kxh1 69. Bxb6 Bb4 70. Kb5 1-0

[Event "Acropolis 2007"]
[Site "Athens"]
[Date "2007.08.18"]
[Round "5.27"]
[White "Georgiadis, Ioannis"]
[Black "Nikolaou, Georgios"]
[Result "0-1"]
[WhiteElo "2413"]
[BlackElo "2257"]
[Annotator "Michailidis Anastasios"]
[PlyCount "108"]
[EventDate "2007.08.14"]
[Source "Greek Chess Fed"]

1. e4 c5 2. Nf3 d6 3. d4 cxd4 4. Nxd4 e5 5. Bb5+ Nd7 6. Nf5 a6 7. Bxd7+ Qxd7 8.
Nc3 Qc6 9. O-O Nf6 10. Qf3 h6 11. Rd1 Be6 12. Be3 O-O-O 13. Nd5 Kb8 14. Rac1
Bxd5 15. exd5 Qd7 16. Ng3 Qg4 17. Qxg4 Nxg4 18. Bb6 Rc8 19. c4 g6 20. f3 Nf6
21. b4 Nd7 22. Bf2 Be7 23. Nf1 f5 24. Be3 Bg5 25. Kf2 Rc7 26. Ke2 Rhc8 27. Kd3
b5 28. Bxg5 hxg5 29. Nd2 Nb6 30. c5 dxc5 31. Rxc5 Rxc5 32. bxc5 Rxc5 33. Re1
Rxd5+ 34. Kc3 Kc7 35. g4 Na4+ 36. Kc2 Nc5 37. Re3 Kd6 38. h3 Rd4 39. Re1 Kd5
40. Re3 f4 41. Re1 e4 42. fxe4+ Nxe4 43. Nf3 Rc4+ 44. Kb2 Rb4+ 45. Kc2 Ra4 46.
Kb2 b4 47. Rd1+ Kc5 48. Rd8 Ra3 49. Rc8+ Kd6 50. Nd4 f3 51. Rf8 f2 52. Nb3 a5
53. Kc2 Rxa2+ 54. Kd3 Nc5+ 0-1

[Event "Acropolis 2007"]
[Site "Athens"]
[Date "2007.08.18"]
[Round "5.28"]
[White "Exizoglou, Dimitrios"]
[Black "Chigladze, Iveri"]
[Result "0-1"]
[WhiteElo "2224"]
[BlackElo "2341"]
[Annotator "Michailidis Anastasios"]
[PlyCount "62"]
[EventDate "2007.08.14"]
[Source "Greek Chess Fed"]

1. e4 Nf6 2. e5 Nd5 3. d4 d6 4. Nf3 Nc6 5. c4 Nb6 6. e6 fxe6 7. Ng5 e5 8. d5
Nd4 9. Bd3 g6 10. Nxh7 Bf5 11. Ng5 Qd7 12. Be3 Bh6 13. Ne4 O-O-O 14. Nbc3 e6
15. Qd2 Bg7 16. Rc1 Bxe4 17. Nxe4 exd5 18. cxd5 Nxd5 19. Bg5 Nf4 20. f3 Bh6 21.
Bxh6 Rxh6 22. O-O Rdh8 23. Nf6 Qe7 24. Ng4 Rxh2 25. Nxh2 Qh4 26. Ng4 Qh1+ 27.
Kf2 Qxg2+ 28. Ke1 Nxf3+ 29. Rxf3 Qxf3 30. Ne3 Rh1+ 31. Bf1 Rxf1+ 0-1

[Event "Acropolis 2007"]
[Site "Athens"]
[Date "2007.08.18"]
[Round "5.29"]
[White "Krivec, Jana"]
[Black "Seretakis, Nikolas"]
[Result "1-0"]
[WhiteElo "2340"]
[BlackElo "2233"]
[Annotator "Michailidis Anastasios"]
[PlyCount "55"]
[EventDate "2007.08.14"]
[Source "Greek Chess Fed"]

1. e4 Nf6 2. e5 Nd5 3. c4 Nb6 4. d4 d6 5. exd6 cxd6 6. Nc3 g6 7. Bd3 Bg7 8.
Nge2 O-O 9. Be3 Bg4 10. f3 Bf5 11. b3 Bxd3 12. Qxd3 d5 13. c5 Nc8 14. h4 Nc6
15. h5 e5 16. hxg6 hxg6 17. dxe5 Bxe5 18. O-O-O N8e7 19. Qd2 Nf5 20. Bf4 Bg7
21. Nxd5 Ncd4 22. Nec3 Ne6 23. g4 Nxf4 24. Qxf4 Nh4 25. g5 Ng2 26. Qh2 Qxg5+
27. f4 Qh4 28. Ne7+ 1-0

[Event "Acropolis 2007"]
[Site "Athens"]
[Date "2007.08.18"]
[Round "5.30"]
[White "Pavlidis, Antonios"]
[Black "Kotrotsos, Vasilios"]
[Result "1/2-1/2"]
[WhiteElo "2175"]
[BlackElo "2337"]
[Annotator "Michailidis Anastasios"]
[PlyCount "42"]
[EventDate "2007.08.14"]
[Source "Greek Chess Fed"]

1. e4 c5 2. Nf3 d6 3. d4 cxd4 4. Nxd4 Nf6 5. Nc3 a6 6. Bg5 e6 7. f4 Qc7 8. Bxf6
gxf6 9. Qd2 Nc6 10. O-O-O Bd7 11. Kb1 Be7 12. f5 Nxd4 13. Qxd4 Qc5 14. fxe6
fxe6 15. Qd3 O-O-O 16. Be2 h5 17. Bf3 Kb8 18. Rhe1 Rc8 19. h4 Qe5 20. Nd5 Bd8
21. Ne3 Ba5 1/2-1/2

[Event "Acropolis 2007"]
[Site "Athens"]
[Date "2007.08.18"]
[Round "5.31"]
[White "Kadimova, Ilaha"]
[Black "Karlovich, Anastazia"]
[Result "1-0"]
[WhiteElo "2316"]
[BlackElo "2207"]
[Annotator "Michailidis Anastasios"]
[PlyCount "113"]
[EventDate "2007.08.14"]
[Source "Greek Chess Fed"]

1. d4 Nf6 2. c4 e6 3. Nc3 Bb4 4. Qc2 O-O 5. a3 Bxc3+ 6. Qxc3 b5 7. cxb5 c6 8.
g3 Ne4 9. Qd3 d5 10. Nf3 cxb5 11. Bg2 b4 12. axb4 Qb6 13. O-O Nc6 14. b5 Nb4
15. Qb3 Qxb5 16. Ng5 Bb7 17. f3 Nxg5 18. Bxg5 Rfc8 19. Rfc1 a5 20. Bf1 Qb6 21.
Be3 Ba6 22. Rc5 Bc4 23. Qc3 Nc6 24. Rxc4 dxc4 25. d5 Qb4 26. dxc6 Qxc3 27. bxc3
Rxc6 28. Bg2 Raa6 29. f4 Rc7 30. Rb1 f6 31. Bb6 Rd7 32. Bc5 a4 33. Bb7 Ra5 34.
Bc8 Rd8 35. Bb6 Rxc8 36. Bxa5 Ra8 37. Bb4 a3 38. Ra1 a2 39. Kf2 Kf7 40. Ke3 e5
41. f5 g6 42. g4 h5 43. h3 hxg4 44. hxg4 gxf5 45. gxf5 Kg7 46. Be7 Ra7 47. Bc5
Ra5 48. Bb4 Ra8 49. Ke4 Kh6 50. Kd5 Kg5 51. Kxc4 Kxf5 52. Kb3 Ke4 53. Rxa2 Rc8
54. c4 f5 55. c5 Ke3 56. Kc4 e4 57. Kd5 1-0

[Event "Acropolis 2007"]
[Site "Athens"]
[Date "2007.08.18"]
[Round "5.32"]
[White "Fakhiridou, Ekaterini"]
[Black "Pavlidis, Anastasios"]
[Result "0-1"]
[WhiteElo "2284"]
[BlackElo "2182"]
[Annotator "Michailidis Anastasios"]
[PlyCount "88"]
[EventDate "2007.08.14"]
[Source "Greek Chess Fed"]

1. e4 e5 2. Nf3 Nc6 3. d4 exd4 4. Nxd4 Nf6 5. Nc3 Bb4 6. Nxc6 bxc6 7. Bd3 d5 8.
exd5 cxd5 9. O-O O-O 10. Bg5 c6 11. Qf3 Be7 12. Na4 h6 13. Bh4 Rb8 14. b3 c5
15. c4 Be6 16. Rac1 Bg4 17. Qe3 d4 18. Qd2 Bd6 19. Rfe1 Bd7 20. h3 Bxa4 21.
bxa4 Rb4 22. Bc2 Kh8 23. a3 Rb2 24. Qd3 g5 25. Bg3 Bxg3 26. Qxg3 Re8 27. Qd3
Kg7 28. Rb1 Rxe1+ 29. Rxe1 Qa5 30. Re7 Kf8 31. Re5 Kg7 32. Re7 Kf8 33. Re2 Qc3
34. Qxc3 dxc3 35. Kf1 Nd7 36. Ke1 Nb6 37. Kd1 Nxc4 38. Kc1 Nxa3 39. Bd3 Rxe2
40. Bxe2 Ke7 41. Bh5 f6 42. Bg4 Kd6 43. Bf5 c4 44. Bg6 Kc5 0-1

[Event "Acropolis 2007"]
[Site "Athens"]
[Date "2007.08.18"]
[Round "5.33"]
[White "Sioris, Georgios"]
[Black "Makka, Evanthia"]
[Result "0-1"]
[WhiteElo "2229"]
[BlackElo "2107"]
[Annotator "Michailidis Anastasios"]
[PlyCount "128"]
[EventDate "2007.08.14"]
[Source "Greek Chess Fed"]

1. e4 d5 2. exd5 Qxd5 3. Nc3 Qa5 4. d4 Nf6 5. Bc4 Bg4 6. f3 Bf5 7. Qe2 Nc6 8.
Be3 O-O-O 9. O-O-O e6 10. Qf2 Nb4 11. Bb3 Nfd5 12. Nge2 Nxe3 13. Qxe3 Be7 14.
g4 Bg6 15. a3 Nc6 16. h4 h6 17. Bxe6+ Kb8 18. h5 Bxc2 19. Kxc2 fxe6 20. Qxe6
Rhe8 21. Qc4 Bf6 22. Ne4 Be7 23. N2g3 Bxa3 24. Ra1 Nxd4+ 25. Kb1 Qb4 26. Qc3
Nb5 27. Qxb4 Bxb4 28. Ka2 Nd4 29. Rhf1 a5 30. Rad1 a4 31. Rd3 Ne6 32. Rfd1 Kc8
33. Nc3 Bxc3 34. bxc3 Rxd3 35. Rxd3 Rd8 36. Re3 Rd6 37. Nf5 Ra6 38. Ka3 Kd7 39.
c4 Ra8 40. Kb4 a3 41. Rd3+ Ke8 42. Rxa3 Rxa3 43. Kxa3 Kf7 44. Kb3 Kf6 45. Kc3
Ke5 46. Kd3 Kf4 47. Ke2 b6 48. Kf2 c6 49. Nh4 b5 50. Ng6+ Kg5 51. cxb5 cxb5 52.
Ke3 b4 53. Ne5 b3 54. Nd3 Kh4 55. Kf2 Kh3 56. Nb2 Nc5 57. Ke3 Kg3 58. Kd4 Ne6+
59. Ke3 Ng5 60. f4 Kxg4 61. fxg5 Kxg5 62. Kd3 Kxh5 63. Kc3 Kg4 64. Nd3 h5 0-1

[Event "Acropolis 2007"]
[Site "Athens"]
[Date "2007.08.18"]
[Round "5.34"]
[White "Goumas, Georgios"]
[Black "Draci, Robert"]
[Result "1-0"]
[WhiteElo "2183"]
[BlackElo "2228"]
[Annotator "Michailidis Anastasios"]
[PlyCount "111"]
[EventDate "2007.08.14"]
[Source "Greek Chess Fed"]

1. e4 c5 2. Nf3 d6 3. d4 cxd4 4. Nxd4 Nf6 5. Nc3 a6 6. Bg5 e6 7. f4 Qb6 8. Qd2
Qxb2 9. Nb3 Qa3 10. Bxf6 gxf6 11. Be2 Nc6 12. O-O h5 13. Kh1 Bd7 14. Rf3 h4 15.
Rh3 Be7 16. Rb1 b5 17. Nd1 Qb4 18. Nc3 Na5 19. Qe1 Nxb3 20. cxb3 Rc8 21. a3 Qd4
22. Rd1 Qb6 23. b4 Rc7 24. Rdd3 f5 25. exf5 d5 26. fxe6 fxe6 27. Bg4 Rc4 28.
Bxe6 Bxe6 29. Rhe3 Rh6 30. Nxd5 Qc6 31. Nxe7 Kxe7 32. f5 Rc1 33. Rd1 Rxd1 34.
Qxd1 h3 35. Qe2 Qc1+ 36. Qe1 hxg2+ 37. Kg1 Qc4 38. Rxe6+ Rxe6 39. Qxe6+ Kf8 40.
Kxg2 Qg4+ 41. Kf2 Qf4+ 42. Ke1 Qc1+ 43. Ke2 Qb2+ 44. Kf1 Qc1+ 45. Kg2 Qb2+ 46.
Kf1 Qc1+ 47. Kf2 Qb2+ 48. Qe2 Qxa3 49. Qd2 Qh3 50. Qd6+ Kf7 51. Qg3 Qxf5+ 52.
Qf3 Kg6 53. Qxf5+ Kxf5 54. Ke3 Ke5 55. Kd3 Kd5 56. h4 1-0

[Event "Acropolis 2007"]
[Site "Athens"]
[Date "2007.08.18"]
[Round "5.36"]
[White "Kanakaris, Georgios"]
[Black "Georgieva, Emilia"]
[Result "1-0"]
[WhiteElo "2216"]
[BlackElo "2023"]
[Annotator "Michailidis Anastasios"]
[PlyCount "73"]
[EventDate "2007.08.14"]
[Source "Greek Chess Fed"]

1. d4 d5 2. c4 c6 3. Nf3 Nf6 4. Nc3 Qb6 5. e3 Bg4 6. h3 Bxf3 7. Qxf3 e6 8. Bd3
Nbd7 9. O-O Be7 10. Rd1 O-O-O 11. Rb1 g5 12. b4 Qc7 13. c5 h5 14. b5 g4 15. Qg3
h4 16. Qxc7+ Kxc7 17. e4 Rdg8 18. bxc6 bxc6 19. exd5 exd5 20. hxg4 Rxg4 21. Bf5
h3 22. Bxg4 h2+ 23. Kh1 Nxg4 24. Bf4+ Kc8 25. Rb2 Bf6 26. f3 Nh6 27. g4 Bg7 28.
Rxh2 Ng8 29. Rxh8 Bxh8 30. Bd6 Nh6 31. Ne2 Bf6 32. Kg2 Ng8 33. f4 Be7 34. g5
Bxd6 35. cxd6 f6 36. Rh1 fxg5 37. fxg5 1-0

[Event "Acropolis 2007"]
[Site "Athens"]
[Date "2007.08.18"]
[Round "5.38"]
[White "Grapsa, Georgia"]
[Black "Makka, Ioulia"]
[Result "1-0"]
[WhiteElo "2076"]
[BlackElo "2187"]
[Annotator "Michailidis Anastasios"]
[PlyCount "89"]
[EventDate "2007.08.14"]
[Source "Greek Chess Fed"]

1. d4 Nf6 2. Nf3 d5 3. c4 e6 4. Qc2 dxc4 5. Qxc4 a6 6. a4 b6 7. g3 Bb7 8. Bg2
Nc6 9. O-O Na5 10. Qc2 Rc8 11. Nc3 c5 12. Rd1 c4 13. e4 Nb3 14. Rb1 Bb4 15. d5
Nxc1 16. Rbxc1 exd5 17. Nxd5 Nxd5 18. exd5 O-O 19. h4 h6 20. Qf5 Rc5 21. Ne5
Bxd5 22. Qd7 Qxd7 23. Nxd7 Bxg2 24. Kxg2 c3 25. bxc3 Rxc3 26. Nxf8 Kxf8 27.
Rxc3 Bxc3 28. Rd7 Bb4 29. Rb7 Bc5 30. h5 Bd4 31. f4 Bc5 32. Kf3 b5 33. axb5
axb5 34. Rxb5 Bd6 35. Rb7 Bc5 36. Kg4 Bd6 37. Kf5 Bc5 38. Ke5 Ba3 39. g4 Bc1
40. Kf5 Be3 41. g5 Bd4 42. g6 fxg6+ 43. Kxg6 Bc3 44. Rb8+ Ke7 45. Rg8 1-0

[Event "Acropolis 2007"]
[Site "Athens"]
[Date "2007.08.18"]
[Round "5.39"]
[White "Ikonomopoulou, Maria"]
[Black "Stefanidi, Maria Anna"]
[Result "1-0"]
[WhiteElo "2029"]
[BlackElo "2092"]
[Annotator "Michailidis Anastasios"]
[PlyCount "63"]
[EventDate "2007.08.14"]
[Source "Greek Chess Fed"]

1. d4 Nf6 2. c4 c5 3. d5 b5 4. cxb5 a6 5. Nc3 Qa5 6. Bd2 axb5 7. e4 b4 8. e5
bxc3 9. Bxc3 Qb6 10. exf6 gxf6 11. Bc4 Bb7 12. Qh5 Qd6 13. Nf3 Na6 14. Ng5 fxg5
15. Bxh8 Bxd5 16. Bxd5 Qxd5 17. O-O Nb4 18. Rad1 Qf5 19. f4 c4 20. fxg5 Qe6 21.
Qf3 Rb8 22. Rde1 Qg6 23. Bc3 Qb6+ 24. Kh1 d6 25. Qxf7+ Kd7 26. Bf6 Re8 27. Qxc4
d5 28. Qg4+ Kd8 29. Bd4 Qb5 30. Qe6 Nc6 31. Rc1 Kc7 32. Rxf8 1-0

[Event "Acropolis 2007"]
[Site "Athens"]
[Date "2007.08.18"]
[Round "5.40"]
[White "Kokolias, Konstantinos"]
[Black "Delithanasis, Dimitrios"]
[Result "0-1"]
[WhiteElo "2224"]
[BlackElo "2217"]
[Annotator "Michailidis Anastasios"]
[PlyCount "66"]
[EventDate "2007.08.14"]
[Source "Greek Chess Fed"]

1. e4 e5 2. Nf3 Nc6 3. Nc3 Nf6 4. d4 Bb4 5. Nxe5 Qe7 6. Nxc6 Qxe4+ 7. Be2 dxc6
8. O-O Qh4 9. Bf3 Be6 10. g3 Qh3 11. Bg2 Qf5 12. Re1 O-O-O 13. a3 Bd6 14. Ne4
Nxe4 15. Bxe4 Qf6 16. c3 Kb8 17. Qc2 g5 18. Be3 h5 19. Qd2 Rhg8 20. Rac1 Qg7
21. Qd3 h4 22. c4 Rh8 23. d5 Be5 24. Qb3 cxd5 25. cxd5 Bc8 26. Qa4 b6 27. d6
Rxd6 28. Bg2 f5 29. Bxg5 hxg3 30. hxg3 Qxg5 31. Qc4 Rd4 32. Qc6 Re4 33. Rxe4
fxe4 0-1

[Event "Acropolis 2007"]
[Site "Athens"]
[Date "2007.08.19"]
[Round "6.3"]
[White "Esen, Baris"]
[Black "Moutousis, Konstantinos"]
[Result "1/2-1/2"]
[WhiteElo "2441"]
[BlackElo "2428"]
[Annotator "Michailidis Anastasios"]
[PlyCount "137"]
[EventDate "2007.08.14"]
[Source "Greek Chess Fed"]

1. d4 Nf6 2. c4 e6 3. Nc3 Bb4 4. Qc2 d5 5. a3 Bxc3+ 6. Qxc3 Ne4 7. Qc2 Nc6 8.
e3 e5 9. cxd5 Qxd5 10. f3 Nd6 11. dxe5 Qxe5 12. Ne2 O-O 13. Qc3 Qf5 14. e4 Qd7
15. Be3 Re8 16. Ng3 f5 17. exf5 Qe7 18. Kf2 Qh4 19. Bc5 Bxf5 20. Bxd6 cxd6 21.
Qc4+ Qxc4 22. Bxc4+ Be6 23. Bxe6+ Rxe6 24. Rhd1 Rd8 25. Nf5 d5 26. Nd4 Nxd4 27.
Rxd4 Rc6 28. Rad1 Rc2+ 29. R1d2 Rxd2+ 30. Rxd2 Kf7 31. Rc2 Rd7 32. Ke3 Ke6 33.
Rc8 Rf7 34. b3 Kd6 35. Rd8+ Ke6 36. Rg8 Ke5 37. f4+ Kd6 38. Rd8+ Kc5 39. Rc8+
Kd6 40. Rb8 Re7+ 41. Kd3 Kc6 42. Rh8 g6 43. Rf8 a5 44. g4 Re4 45. g5 Kc5 46.
Rf7 b6 47. h4 Kb5 48. h5 gxh5 49. f5 Rg4 50. Rg7 Kc5 51. Ke3 Kd6 52. f6 d4+ 53.
Kd3 h4 54. Rb7 Rxg5 55. Rxb6+ Kd7 56. Rb7+ Ke8 57. Rxh7 Rg3+ 58. Kc4 Rc3+ 59.
Kxd4 Rxb3 60. a4 Rb4+ 61. Ke5 Rxa4 62. Ke6 Re4+ 63. Kf5 Rb4 64. Ke6 Re4+ 65.
Kf5 Rb4 66. Rh8+ Kf7 67. Rh7+ Kf8 68. Rh8+ Kf7 69. Rh7+ 1/2-1/2

[Event "Acropolis 2007"]
[Site "Athens"]
[Date "2007.08.19"]
[Round "6.4"]
[White "Parligras, Mircea"]
[Black "Gelashvili, Tamaz"]
[Result "1/2-1/2"]
[WhiteElo "2542"]
[BlackElo "2604"]
[Annotator "Michailidis Anastasios"]
[PlyCount "33"]
[EventDate "2007.08.14"]
[Source "Greek Chess Fed"]

1. d4 Nf6 2. c4 e6 3. Nf3 d5 4. Nc3 Bb4 5. e3 O-O 6. Bd3 c5 7. O-O cxd4 8. exd4
dxc4 9. Bxc4 b6 10. Bg5 Bb7 11. Qe2 Bxc3 12. bxc3 Nbd7 13. Bd3 Qc7 14. c4 Ng4
15. Be4 Bxe4 16. Qxe4 Ngf6 17. Qe2 1/2-1/2

[Event "Acropolis 2007"]
[Site "Athens"]
[Date "2007.08.19"]
[Round "6.6"]
[White "Malakhatko, Vadim"]
[Black "Nikolaidis, Ioannis"]
[Result "1/2-1/2"]
[WhiteElo "2596"]
[BlackElo "2525"]
[Annotator "Michailidis Anastasios"]
[PlyCount "93"]
[EventDate "2007.08.14"]
[Source "Greek Chess Fed"]

1. d4 d5 2. Nf3 e6 3. c4 a6 4. Bg5 Be7 5. Bxe7 Nxe7 6. Nbd2 O-O 7. e3 Nbc6 8.
Rc1 Ng6 9. a3 Re8 10. Qb3 Nh4 11. Nxh4 Qxh4 12. Nf3 Qd8 13. Be2 Na5 14. Qc3
Nxc4 15. Bxc4 dxc4 16. Qxc4 Re7 17. O-O a5 18. Ne5 f6 19. Nd3 b6 20. Qc6 Rb8
21. Nf4 Bb7 22. Qc4 Qd6 23. b4 axb4 24. axb4 Kh8 25. Rfd1 Rd8 26. Qb3 Qd7 27.
Ne2 Qe8 28. f3 h6 29. Kf2 Rd6 30. Rc3 Ba6 31. Ng3 Rc6 32. Rdc1 Rxc3 33. Qxc3
Qb5 34. Qc6 Qxc6 35. Rxc6 Kg8 36. Rc2 Kf7 37. Ra2 Bc4 38. Ra7 Ke8 39. Ne4 Kd7
40. Nc3 e5 41. d5 Kd6 42. Ra8 Rd7 43. e4 c6 44. dxc6 Kxc6 45. Rc8+ Rc7 46.
Rxc7+ Kxc7 47. h4 1/2-1/2

[Event "Acropolis 2007"]
[Site "Athens"]
[Date "2007.08.19"]
[Round "6.8"]
[White "Banikas, Hristos"]
[Black "Erdogdu, Mert"]
[Result "1-0"]
[WhiteElo "2567"]
[BlackElo "2423"]
[Annotator "Michailidis Anastasios"]
[PlyCount "121"]
[EventDate "2007.08.14"]
[Source "Greek Chess Fed"]

1. e4 c5 2. Nf3 d6 3. d4 cxd4 4. Nxd4 Nf6 5. f3 e5 6. Nb3 a5 7. Bb5+ Nc6 8. Nc3
Be7 9. Be3 O-O 10. Na4 Be6 11. Nb6 Rb8 12. c4 Nd7 13. Nxd7 Bxd7 14. O-O Be6 15.
Qd2 Ra8 16. Qf2 Qb8 17. Nd2 Na7 18. a4 g6 19. b3 f5 20. exf5 gxf5 21. f4 Rf7
22. fxe5 dxe5 23. Nf3 Nxb5 24. axb5 Rg7 25. Rfe1 e4 26. Nd4 Qe5 27. Rf1 Rf8 28.
Ne2 Rd8 29. Rxa5 h5 30. Kh1 Bf6 31. Nf4 Rgd7 32. Nxe6 Qxe6 33. b6 Be5 34. Bf4
Bd4 35. Qg3+ Rg7 36. Qh3 Rg4 37. Qxh5 Rf8 38. Bc7 f4 39. Rg5+ Rxg5 40. Qxg5+
Bg7 41. Rxf4 e3 42. Rxf8+ Kxf8 43. Bg3 Bc3 44. Qd8+ Kf7 45. Qd3 Bb4 46. Qh7+
Ke8 47. Qh5+ Kf8 48. Qf3+ Ke8 49. Qe2 Qe4 50. h3 Ke7 51. Kg1 Ke6 52. h4 Kf6 53.
Kh2 Kg6 54. Kh3 Kh7 55. Qg4 Qd3 56. c5 Bc3 57. Qf3 Qd7+ 58. Kh2 Qe7 59. c6 bxc6
60. Qxc6 Bb4 61. b7 1-0

[Event "Acropolis 2007"]
[Site "Athens"]
[Date "2007.08.19"]
[Round "6.12"]
[White "Krivoborodov, Egor"]
[Black "Graf, Alexander"]
[Result "0-1"]
[WhiteElo "2403"]
[BlackElo "2595"]
[Annotator "Michailidis Anastasios"]
[PlyCount "116"]
[EventDate "2007.08.14"]
[Source "Greek Chess Fed"]

1. e4 e6 2. d4 d5 3. Nc3 Nc6 4. Nf3 Nf6 5. Bd3 Bb4 6. e5 Ne4 7. Bd2 Nxc3 8.
bxc3 Be7 9. O-O Na5 10. Ne1 c5 11. Qg4 Bf8 12. Nf3 c4 13. Be2 Bd7 14. Ng5 h6
15. Nh3 Ba4 16. Bd1 Qb6 17. Bc1 Nc6 18. Kh1 O-O-O 19. f4 Ne7 20. Qf3 f5 21.
exf6 gxf6 22. Re1 h5 23. Qf2 Be8 24. Bf3 Nf5 25. a4 Bg6 26. a5 Qc6 27. Ba3 Bxa3
28. Rxa3 Rde8 29. Raa1 Nd6 30. Qe2 Qc7 31. Nf2 Qh7 32. Ra2 Bf5 33. Rb2 Qh6 34.
Qd2 Rhg8 35. Rbb1 Kd7 36. Rg1 Qh7 37. Rb2 Rg7 38. Qe2 Rh8 39. Re1 Bg4 40. Rg1
Bxf3 41. Qxf3 h4 42. Ng4 Kc6 43. Re1 h3 44. gxh3 Qxh3 45. Qxh3 Rxh3 46. Nxf6
Rh6 47. Rxe6 Rgg6 48. Rb1 Rxf6 49. Rxf6 Rxf6 50. Kg2 Rxf4 51. Kg3 Re4 52. Rf1
Re3+ 53. Kg4 Rxc3 54. Rf2 Re3 55. h4 Re4+ 56. Kg5 Rxd4 57. Rg2 c3 58. h5 Rd2
0-1

[Event "Acropolis 2007"]
[Site "Athens"]
[Date "2007.08.19"]
[Round "6.13"]
[White "Atakisi, Umut"]
[Black "Mastrovasilis, Athanasios"]
[Result "1/2-1/2"]
[WhiteElo "2383"]
[BlackElo "2538"]
[Annotator "Michailidis Anastasios"]
[PlyCount "165"]
[EventDate "2007.08.14"]
[Source "Greek Chess Fed"]

1. e4 e5 2. Nf3 Nc6 3. Bb5 a6 4. Ba4 Nf6 5. O-O Be7 6. Re1 b5 7. Bb3 d6 8. c3
O-O 9. d4 Bg4 10. d5 Na5 11. Bc2 c6 12. h3 Bc8 13. dxc6 Qc7 14. Nbd2 Qxc6 15.
Nf1 Nc4 16. a4 bxa4 17. Rxa4 Bd7 18. Qd3 Rfc8 19. Ra1 a5 20. b3 Nb6 21. Bd2 a4
22. Ng3 h6 23. Reb1 Be6 24. Be1 Nfd7 25. b4 Nc4 26. Qd1 a3 27. Bb3 Ndb6 28. Ra2
d5 29. Qe2 Bf6 30. Nd2 d4 31. Nxc4 Bxc4 32. Bxc4 Qxc4 33. Qxc4 Nxc4 34. Ne2 d3
35. Nc1 Rd8 36. Nb3 Bg5 37. Bd2 Rac8 38. Rc1 Rd6 39. Bxg5 hxg5 40. Nd2 Nxd2 41.
Rxd2 Rd4 42. b5 Rb4 43. cxb4 Rxc1+ 44. Kh2 Rb1 45. b6 Rxb4 46. Rxd3 a2 47. Ra3
Rxe4 48. Rxa2 Rb4 49. Ra8+ Kh7 50. Rb8 Kg6 51. f3 Kf5 52. Rb7 Ke6 53. Rb8 g6
54. Kg3 Kf5 55. b7 Rb2 56. h4 gxh4+ 57. Kxh4 Kf4 58. Kh3 f5 59. Kh2 g5 60. Kh3
Rb6 61. Kh2 Rb1 62. Rf8 Rxb7 63. g3+ Kxf3 64. Rxf5+ Ke4 65. Rxg5 Kd4 66. Rg8 e4
67. Re8 e3 68. g4 Kd3 69. Kg3 e2 70. g5 Rb1 71. Kf4 Rf1+ 72. Kg4 e1=Q 73. Rxe1
Rxe1 74. Kf5 Rf1+ 75. Ke5 Rg1 76. Kf6 Ke4 77. g6 Rf1+ 78. Ke6 Rg1 79. Kf6 Ra1
80. g7 Ra8 81. Kf7 Kf5 82. g8=Q Rxg8 83. Kxg8 1/2-1/2

[Event "Acropolis 2007"]
[Site "Athens"]
[Date "2007.08.19"]
[Round "6.14"]
[White "Filippas, Sebastian"]
[Black "Barsov, Alexei"]
[Result "0-1"]
[WhiteElo "2145"]
[BlackElo "2517"]
[Annotator "Michailidis Anastasios"]
[PlyCount "46"]
[EventDate "2007.08.14"]
[Source "Greek Chess Fed"]

1. Nf3 d5 2. d4 Nf6 3. c4 e6 4. Nc3 Bb4 5. Bg5 Nbd7 6. e3 c5 7. cxd5 exd5 8.
Bd3 c4 9. Bf5 Nb6 10. Bxc8 Rxc8 11. O-O O-O 12. Ne5 Be7 13. Rc1 Ne8 14. Bxe7
Qxe7 15. Na4 Nd6 16. Nxb6 axb6 17. Qf3 Qe6 18. Qf4 f6 19. Nf3 g5 20. Qg3 Ne4
21. Qh3 g4 22. Qh5 gxf3 23. gxf3 Nd6 0-1

[Event "Acropolis 2007"]
[Site "Athens"]
[Date "2007.08.19"]
[Round "6.16"]
[White "Zawadzka, Jolanta"]
[Black "Haznedaroglu, Kivanc"]
[Result "1-0"]
[WhiteElo "2354"]
[BlackElo "2440"]
[Annotator "Michailidis Anastasios"]
[PlyCount "69"]
[EventDate "2007.08.14"]
[Source "Greek Chess Fed"]

1. e4 c5 2. Nf3 Nc6 3. d4 cxd4 4. Nxd4 Qb6 5. Nb3 Nf6 6. Nc3 e6 7. Bd3 Be7 8.
Qe2 d6 9. Be3 Qc7 10. f4 a6 11. g4 b5 12. O-O-O Bb7 13. Kb1 Nd7 14. g5 Nb4 15.
Rc1 Nc5 16. Rhe1 O-O 17. f5 Nbxd3 18. cxd3 Nxb3 19. axb3 Qd7 20. f6 gxf6 21.
gxf6 Bxf6 22. Bh6 Kh8 23. Qf3 Qe7 24. Nxb5 Be5 25. Bxf8 Rxf8 26. Rc7 Qh4 27.
Rf1 Qxh2 28. d4 Bg7 29. Rh1 Qd2 30. Rc2 Qb4 31. Rch2 Rc8 32. Rxh7+ Kg8 33. Qg4
Bxe4+ 34. Qxe4 Qxb5 35. Rg1 1-0

[Event "Acropolis 2007"]
[Site "Athens"]
[Date "2007.08.19"]
[Round "6.17"]
[White "Morchiashvili, Bachana"]
[Black "Erturan, Yakup"]
[Result "1-0"]
[WhiteElo "2415"]
[BlackElo "2389"]
[Annotator "Michailidis Anastasios"]
[PlyCount "51"]
[EventDate "2007.08.14"]
[Source "Greek Chess Fed"]

1. d4 f5 2. Nc3 d5 3. Bg5 c6 4. e3 g6 5. Bd3 Bg7 6. h4 Nf6 7. h5 Nxh5 8. Rxh5
gxh5 9. Qxh5+ Kf8 10. Nf3 Qe8 11. Qh4 h6 12. Bf4 Be6 13. O-O-O Nd7 14. Ne2 Qg6
15. Qh1 Nf6 16. Nh4 Qh7 17. f3 Ne4 18. Rf1 Bf6 19. c3 Nd6 20. Bxd6 exd6 21. Nf4
Bxh4 22. Qxh4 Qf7 23. g4 Ke8 24. Rg1 Bc8 25. gxf5 Rg8 26. Rg6 1-0

[Event "Acropolis 2007"]
[Site "Athens"]
[Date "2007.08.19"]
[Round "6.18"]
[White "Kapnisis, Spyridon"]
[Black "Khetsuriani, Besarion"]
[Result "1-0"]
[WhiteElo "2412"]
[BlackElo "2367"]
[Annotator "Michailidis Anastasios"]
[PlyCount "68"]
[EventDate "2007.08.14"]
[Source "Greek Chess Fed"]

1. e4 e5 2. Nf3 Nf6 3. Nxe5 d6 4. Nf3 Nxe4 5. Nc3 Nf6 6. d4 Be7 7. h3 O-O 8.
Bd3 Re8 9. O-O Nbd7 10. Re1 Nb6 11. Bg5 h6 12. Bh4 Nbd5 13. Nxd5 Nxd5 14. Bg3
Nb4 15. Bb5 c6 16. Ba4 Nd5 17. Bb3 Bf8 18. Qd3 Bd7 19. c4 Nf6 20. Rxe8 Nxe8 21.
c5 Qf6 22. cxd6 Nxd6 23. Re1 Re8 24. Re5 Nf5 25. Bc2 g6 26. Rxe8 Bxe8 27. Be5
Qe7 28. Bb3 Bg7 29. g4 Nh4 30. Nxh4 Qxh4 31. Qxg6 Qg5 32. Qxg7+ Qxg7 33. Bxg7
Kxg7 34. Kg2 Kg8 1-0